| 000 | 00690nam a22002055i 4500 | ||
|---|---|---|---|
| 001 | 156533 | ||
| 003 | ES-MaACL | ||
| 005 | 20230906210432.0 | ||
| 008 | 000614s1740 it |||| | lat d | ||
| 040 |
_aEUS _bspa _cEUS |
||
| 100 | 1 |
_aJuvenal, Decio Junio. _967373 |
|
| 245 | 1 | 0 |
_aD. Junii Juvenalis ; et A. Persii Flacci Satyrae / _ccum annotationibus Thomae Farnabii. |
| 260 |
_aVenetiis : _bapud Franciscum Pitteri, _c1740. |
||
| 300 |
_a252 p. ; _c12ยบ. |
||
| 597 | _aSign.: A-K12, L6. | ||
| 597 | _aPort. a dos tintas con grab. xil. | ||
| 700 | 1 | 1 |
_aPersio Flaco, Aulo. _991400 |
| 700 | 1 |
_aFarnaby, Thomas. _9127011 |
|
| 852 |
_aES-MaACL _jR-578 _z-- Enc. perg. _x Olim: D-499 |
||
| 999 |
_c156533 _d156533 |
||